Top 10 Los Angeles Lakers Points Leader - Statistics

General Stats
  • This quiz has been taken 908 times
    184 since last reset
  • The average score is 8 of 10
Answer Stats
Rank Player Years Points % Correct
1 Kobe Bryant 1996-2016 33 643
99%
10 LeBron James 2018- 12 402
99%
7 Shaquille O'Neal 1996-2004 13 895
97%
3 Kareem Abdul-Jabbar 1975-1989 24 176
96%
5 Magic Johnson 1979-1991 / 1996 17 707
96%
2 Jerry West 1960-1974 25 192
91%
4 Elgin Baylor 1958-1971 23 149
78%
6 James Worthy 1982-1994 16 320
75%
8 Gail Goodrich 1965-1968 / 1970-1976 13 044
43%
9 Byron Scott 1983-1993 / 1996-1997 12 780
35%
No matching quizzes found
Score Distribution
Percent of People with Each Score
Percentile by Number Answered
Your Score History
You have not taken this quiz since the last reset